How did the Presidents Die? - Statistics

General Stats
  • This quiz has been taken 22 times
  • The average score is 4 of 8
Answer Stats
Hint Answer % Correct
Died instantly after being shot
81%
Died of a Heart Attack three years into office
56%
Died of Pneumonia 31 days after taking office
56%
Died of a bullet to the head one day after getting shot
56%
Gangrene, 8 days after being shot
50%
Infection from unsterilized tools two months after he was shot
50%
Cholera after only serving one year
44%
A Cerebral Hemorrhage whilst sitting for a portrait
38%
No matching quizzes found
Score Distribution
Percent of People with Each Score
Percentile by Number Answered
Your Score History
You have not taken this quiz